Nascar 2018 Truck Series Winners - Statistics

General Stats
  • This quiz has been taken 21 times
  • The average score is 21 of 23
Answer Stats
Race # Winner % Correct
Daytona 21 Johnny Sauter
100%
Dover 21 Johnny Sauter
100%
Charlotte 21 Johnny Sauter
100%
Texas 21 Johnny Sauter
100%
Bristol 21 Johnny Sauter
100%
Martinsville 21 Johnny Sauter
100%
Las Vegas 51 Kyle Busch
100%
Pocono 51 Kyle Busch
100%
Eldora 27 Chase Briscoe
94%
Kansas 18 Noah Gragson
94%
Kentucky 41 Ben Rhodes
88%
Atlanta 16 Brett Moffit
88%
Iowa 16 Brett Moffit
88%
Chicagoland 16 Brett Moffit
88%
Michigan 16 Brett Moffit
88%
Phoenix 16 Brett Moffit
88%
Homestead 16 Brett Moffit
88%
Gateway 24 Justin Haley
88%
Canadian Tire 24 Justin Haley
88%
Texas 24 Justin Haley
88%
Martinsville 8 John H. Nemechek
82%
Las Vegas 98 Grant Enfinger
71%
Talladega 25 Timothy Peters
65%
No matching quizzes found
Score Distribution
Percent of People with Each Score
Percentile by Number Answered
Your Score History
You have not taken this quiz